000 00697nam a2200217 a 4500
999 _c2210
_d2210
001 2210
003 BD-JhCC
005 20171030211542.0
008 171030s2002 bg |||| ||a| 000 0 ben d
035 _a(BD-JhCC)2210
040 _aBD-JhCC
_dBD-JhCC
041 _aben
082 _a891.4
_bIQB 2002
100 _aইকবাল, মুহাম্মদ জাফর
245 _a২০৩০ সালের একদিন ও অন্যান্য /
_cমুহাম্মদ জাফর ইকবাল,
260 _aঢাকা :
_bবিদ্যা প্রকাশ,
_c2002
300 _a102 p. :
_c22 cm.
650 _aBengali Fiction
942 _2ddc
_cBK